[Event "BCF-chT4 0607 (4NCL)"]
[Site "Sunningdale"]
[Date "2007.03.25"]
[Round "8.146"]
[White "Warden, Peter"]
[Black "Seale, Denis"]
[Result "0-1"]
[WhiteElo "1393"]
[BlackElo "1860"]
[PlyCount "102"]
[EventDate "2006.09.16"]
[EventType "team"]
[EventRounds "11"]
[EventCountry "ENG"]
[SourceTitle "EXT 2008"]
[Source "ChessBase"]
[SourceDate "2007.11.25"]
[SourceVersion "1"]
[SourceVersionDate "2007.11.25"]
[SourceQuality "1"]
[WhiteTeam "Pontypridd"]
[BlackTeam "Addlestone"]
[WhiteTeamCountry "ENG"]
[BlackTeamCountry "ENG"]

1. e4 e6 2. Nf3 d5 3. e5 c5 4. Bb5+ Bd7 5. Bxd7+ Qxd7 6. c3 Ne7 7. 0-0 Nf5 8. g4 Ne7 9. d4 Ng6 10. h4 Be7 11. h5 Nh4 12. g5 Nf5 13. Kg2 Nc6 14. Be3 Qd8 15. Qd2 Nxe3+ 16. Qxe3 Qb6 17. b3 h6 18. Rh1 cxd4 19. Qf4 dxc3 20. Nxc3 Qb4 21. Qxb4 Bxb4 22. Nb5 0-0 23. gxh6 gxh6 24. a3 Be7 25. b4 Kh7 26. Rae1 Rg8+ 27. Kf1 a5 28. Nbd4 axb4 29. Nxc6 bxc6 30. axb4 Bxb4 31. Rb1 Rg4 32. Rh4 Rxh4 33. Nxh4 Bc3 34. Rb7 Kg7 35. Rc7 Bxe5 36. Rxc6 Ra1+ 37. Ke2 Rh1 38. Nf3 Rxh5 39. Rc1 Kf6 40. Rc8 Bd6 41. Rd8 Ke7 42. Rg8 e5 43. Ne1 Rg5 44. Rh8 Rg6 45. Nf3 e4 46. Nh4 Rf6 47. Rxh6 Rxh6 48. Nf5+ Ke6 49. Nxh6 f5 50. f3 Bf4 51. fxe4 dxe4 0-1